Trouve le rappeur français grâce a la cover de l'album pixelisée - Statistiques

Statistiques générales
  • Ce quiz a été pris 498 fois
  • Le résultat moyen est 10 sur 12
Statistiques - réponses
Par images Réponse % Correct
PNL
100%
Damso
95%
Tiakola
88%
Kaaris
85%
Hamza
83%
Werenoi
83%
Zola
81%
Favé
79%
Orelsan
77%
Maes
73%
Laylow
72%
Freeze corleone
65%
Aucun quiz correspondant
Distribution des résultats
% des personnes avec chaque résultat
Percentile par nombre de réponses
Votre historique - résultats
Vous n’avez pas pris ce quiz